| 000 | 02973ngm a2200469 4500 | ||
|---|---|---|---|
| 003 | dpl | ||
| 005 | 20081121104652.0 | ||
| 007 | DVD | ||
| 008 | ||||||sp199 xxu|||||c ||| 00| 0 ng d | ||
| 010 | _aDVD-001279 & DVD-004650-4655 | ||
| 024 |
_aSHE DVD 019 _c199.00 |
||
| 035 | _aDVD-001279 | ||
| 035 | _aDVD-004650-4655 | ||
| 040 |
_aDPL _cDPL |
||
| 082 | _aDVD / GUID | ||
| 245 |
_aGuide _cNavketan International Presents _h[videorecording] DVD/ |
||
| 260 | _bShemaroo Video Pvt. Ltd. | ||
| 300 |
_a1 videodisc DVD; (171 min.) : _bsd., col. ; _c4 3/4 in. _fDVD |
||
| 440 | _aShemaroo Home Entertainment | ||
| 500 | _aFilmfare Award Winner : Best Film, Best Director: Vijay Anand, Best Actor: Dev Anand, Best Actress: Waheeda Rehman, Best Story R. K. Narayan | ||
| 500 | _aNational Awards : 1965 Certificatae of Merit- Best Hindi Film | ||
| 538 | _aDolby Digital 5.1 - Hindi Subtitles: English | ||
| 538 | _aAnamorphic Wide Screen Format, Presented 2:35.1 Aspect Ratio Enhancaead for 16:9 Wide Screen | ||
| 650 | _aMotion Picture | ||
| 700 | _aAnand, Dev | ||
| 700 | _aAnand, Vijay | ||
| 700 | _aBurman, R. D. | ||
| 700 | _aWaheeda Rehman | ||
| 700 | _aSahu, Kishore | ||
| 700 | _aJagirdar | ||
| 700 | _aUlhas | ||
| 942 |
_cCF _2ddc _hDVD _mGUID |
||
| 999 |
_c18925 _d18925 |
||